| 000 | 00490nam a2200181Ia 4500 | ||
|---|---|---|---|
| 001 | 20577 | ||
| 005 | 20260306172816.0 | ||
| 008 | 260306t2005||||xx |||||||||||||| ||spa|| | ||
| 041 | _aESP | ||
| 082 |
_a343.4 _bM87 |
||
| 100 |
_aMosquera Monelos, Susana _eAUT |
||
| 245 | 0 | _aEl derecho de libertad de conciencia y de religión en el ordenamiento jurídico peruano | |
| 260 | _c2005 | ||
| 300 |
_a547 páginas : _c24 cm. |
||
| 650 | _aGEN | ||
| 654 | _aCDE | ||
| 942 |
_cLIB _dJUS _fJUS _2ddc _n |
||
| 999 |
_c20577 _d20577 |
||